Un medio de comunicación para el diseño, elaboración y aplicación de instrumentos educativos desde el Programa de Enriquecimiento Instrumental de Reuven Feuerstein /

Uloženo v:
Podrobná bibliografie
Hlavní autor: Mora Velasco, Verónica (autor)
Další autoři: Ochoa Fernández, María Dolores (autor) (autor), Suárez Rodríguez, Jesús Alberto (autor) (autor)
Médium: Diplomová práce Kniha
Jazyk:španělština
Vydáno: Guadalajara, México : edición de autor, 1990
Témata:
Tagy: Přidat tag
Žádné tagy, Buďte první, kdo vytvoří štítek k tomuto záznamu!

MARC

LEADER 00000nam^a2200000^a^4500
001 000044485
005 20250521000000.0
009 20260310085856.113
037 |a Acervo ITESO - Biblioteca 
041 |a ESP 
090 |a CCO. 117 
100 |a Mora Velasco, Verónica  |e (autor) 
245 1 3 |a Un medio de comunicación para el diseño, elaboración y aplicación de instrumentos educativos desde el Programa de Enriquecimiento Instrumental de Reuven Feuerstein /  |c V. Mora Velasco, M.D. Ochoa Fernández, J.A. Suárez Rodríguez. 
264 1 |a Guadalajara, México :  |b edición de autor,  |c 1990 
300 |a 202 p. 
336 |a texto  |b txt  |2 rdacontenido 
337 |a sin mediación  |b n  |2 rdamedio 
338 |a volumen  |b nc  |2 rdasoporte 
502 |a ITESO Tesis de Licenciatura en Ciencias de la Comunicación 
649 |a XX 
650 |a Aprendizaje 
650 |a Desarrollo Cognoscitivo -  |x Tema Principal 
650 |a Psicología Cognitiva -  |x Tema Principal 
650 |a Metodología Educativa 
650 |a Comunicación Educativa -  |x Tema Principal 
650 |a Educación Media 
650 |a Feuerstein, Reuven 
700 |a Ochoa Fernández, María Dolores  |e (autor) 
700 |a Suárez Rodríguez, Jesús Alberto  |e (autor) 
910 |a Fondo General 
920 |a Impresos - Tesis del ITESO 
930 |a Colección General 
905 |a 104 
901 |a T012440100  |b IT2  |c TSS  |i 801244  |u 20250521 
902 |a https://opac.biblio.iteso.mx/vufind/Record/000044485